Prépositions / Conjonctions ALL - Statistiques

Statistiques générales
  • Ce quiz a été pris 5 fois
  • Le résultat moyen est 7 sur 25
Statistiques - réponses
Hint Réponse % Correct
für pour
100%
aber mais
80%
ohne sans
80%
gegen contre
60%
und conjonctions de coordination et
60%
oder ou
60%
weil parce que
60%
auf sur
60%
denn car
40%
dass conjonctions de subbordination que
40%
über au-dessus de
20%
obwohl bien que
20%
à travers prépositions datif durch
20%
trotz malgré
20%
wärhend prépositions génitif pendant
20%
wegen à cause de
0%
statt au lieu de
0%
um autour de, à
0%
in dnas
0%
als lorsque / quand (passé)
0%
sondern mais (au contraire)
0%
wärhend pendant que
0%
wenn si (condition)
0%
unter sous, parmi
0%
an sur, à , au bord de
0%
Aucun quiz correspondant
Distribution des résultats
% des personnes avec chaque résultat
Percentile par nombre de réponses
Votre historique - résultats
Vous n’avez pas pris ce quiz